000
00286nam a2200097 4500
245
_a
Jane Austen and her predecessors
_c
Frank W. Bradbrook
100
_a
Bradbrook, Frank W.
260
_a
Cambridge
_b
Cambridge University Press
_c
c1967
300
_a
viii ,178p. ;22cm.
082
_a
823.7
_b
AUS/BRA
999
_c
1021
_d
1021